Real time genetic manipulation : a new tool for ecological field studies (Record no. 66385)
[ view plain ]
| 000 -LEADER | |
|---|---|
| fixed length control field | 02551nam a2200313Ia 4500 |
| 100 ## - MAIN ENTRY--AUTHOR NAME | |
| Personal name | Schafer Martin |
| 245 #0 - TITLE STATEMENT | |
| Title | Real time genetic manipulation : a new tool for ecological field studies |
| 260 ## - PUBLICATION, DISTRIBUTION, ETC. (IMPRINT) | |
| Name of publisher | The Plant Journal |
| Year of publication | 2013 |
| 300 ## - PHYSICAL DESCRIPTION | |
| Number of Pages | 506-518 |
| 520 ## - SUMMARY, ETC. | |
| Summary, etc | Field experiments with transgenic plants often reveal the functional significance of genetic traits that are important for the performance fpr the plants in their natural environments. Until now, only constitutive over expression, ectopic expresstion and gene silencing methods have been used to analyze gene-related pheno types in natural habitats. These methods do not allow sufficient control over gene expression for the study of ecological interactions in real time, of genetic traits that play essential roles in developement, or of dose dependent effects. We applied the sensitive dexamenthasone (DEX) inducible pOp6/LhGR expression system to the ecological model plant Nicotiana attenuata and established a lanolin-based DEX application method to facilitate ectopic gene expression and RNA interference-meditated gene silencing in the field and under challenging conditions (e.g. high temperature, wind and UV radiation). Fully established field-grown plants were used to silence phytoene desaturase and thereby cause photobleaching only in specific plant sectors, and to achieve expression of the cytokinin (CK) biosynthesis gene isopentenyl transferase (ipt.). We used ipt expression to analyze the role of CKs in both the glasshouse and the field to understand resistance to the native herbivore Tupiocoris notatus, which attacks plants at small spatial scales. By spatially restricting ipt expression and elevating CK levels in single leaves, damage by T. notatus increased, demonstrating the role of CKs in this plant-herbivore interaction at a small scale. As the arena of most ecological interactions is highly constrained in time and space, these tools will advance the genetic analysis of dynamic traits that matter for plant performance in nature. |
| 650 ## - SUBJECT ADDED ENTRY--TOPICAL TERM | |
| Topical Term | Cytokinin |
| 650 ## - SUBJECT ADDED ENTRY--TOPICAL TERM | |
| Topical Term | Dexamethasone |
| 650 ## - SUBJECT ADDED ENTRY--TOPICAL TERM | |
| Topical Term | fieldwork |
| 650 ## - SUBJECT ADDED ENTRY--TOPICAL TERM | |
| Topical Term | Herbivory |
| 650 ## - SUBJECT ADDED ENTRY--TOPICAL TERM | |
| Topical Term | LhGR |
| 650 ## - SUBJECT ADDED ENTRY--TOPICAL TERM | |
| Topical Term | Manduca sexta |
| 650 ## - SUBJECT ADDED ENTRY--TOPICAL TERM | |
| Topical Term | Nicotiana attenuata |
| 650 ## - SUBJECT ADDED ENTRY--TOPICAL TERM | |
| Topical Term | pds |
| 650 ## - SUBJECT ADDED ENTRY--TOPICAL TERM | |
| Topical Term | pOp6 |
| 650 ## - SUBJECT ADDED ENTRY--TOPICAL TERM | |
| Topical Term | Technical advance |
| 650 ## - SUBJECT ADDED ENTRY--TOPICAL TERM | |
| Topical Term | Tupiocoris notatus |
| 700 ## - ADDED ENTRY--PERSONAL NAME | |
| Personal name | Baldwin Ian |
| 700 ## - ADDED ENTRY--PERSONAL NAME | |
| Personal name | Brutting Christoph |
| 700 ## - ADDED ENTRY--PERSONAL NAME | |
| Personal name | Gase Klaus |
| 700 ## - ADDED ENTRY--PERSONAL NAME | |
| Personal name | Meldau Stefan |
| 700 ## - ADDED ENTRY--PERSONAL NAME | |
| Personal name | Reichelt Michael |
| 942 ## - ADDED ENTRY ELEMENTS (KOHA) | |
| Koha item type | Journals |
| Withdrawn status | Lost status | Damaged status | Not for loan | Home library | Current library | Date acquired | Serial Enumeration / chronology | Koha item type |
|---|---|---|---|---|---|---|---|---|
| Journals | RRII Library | RRII Library | 06/05/2014 | Volume 76, Issue 3 | Journals |